A Aventura do Rebuçado (Registo nº 4709)

Detalhes MARC
000 -Etiqueta do registo
Cabeçalho 00881nam 22002533 4500
010 ## - Número internacional normalizado dos livros (ISBN)
Número (ISBN) 9789897800658
100 ## - Dados gerais de processamento
Dados gerais de processamento 20260213d20192023u||y0pory50 ba
101 ## - Língua de publicação
Língua do texto, banda sonora, etc. Português
Língua do documento no original Inglês
102 ## - Pais de publicação ou produção
País de publicação Reino Unido
200 1# - Titulo e menção de responsabilidade
Título próprio A Aventura do Rebuçado
Primeira menção de responsabilidade Enid Blyton
Outras menções de responsabilidade il. Tony Ross
-- trad. Eugénia Antunes
205 ## - Menção da edição
Menção da edição 4.ª
210 ## - Publicação, Distribuição, etc. 
Lugar da edição, distribuição, etc. Alfragide
Nome do editor, distribuidor, etc. Oficina do Livro
Data da publicação, distribuição, etc. 2023
215 ## - Descrição física 
Indicação específica da natureza do documento e extensão da espécie 68, [10]p
Outras indicações físicas il.
225 1# - Colecção 
Título próprio da colecção Os (Mini) Sete - A Aventura do Rebuçado
Título paralelo da colecção The Humbug Adventure
Número de uma parte ou secção 2
330 ## - Sumário ou Resumo
Texto da nota Os Sete vão ver o céu estrelado, mas está muito nublado e acabam por avistar uma pessoa a incendiar um molho de feno!<br/>Irão os Sete agir a tempo de salvar o celeiro?<br/>E conseguirão descobrir o culpado?<br/><br/>
510 1# - Título paralelo
Título paralelo The Humbug Adventure
675 ## - Classificação Decimal Universal (CDU)
Notação 821.111
Edição 3ª ed.
Língua da edição por
700 #1 - Nome de autor-pessoa física (responsabilidade principal)
Palavra de ordem Blyton
Outra parte do nome não tomada para palavra de ordem Enid
942 ## - Elementos de entrada adicionados (Koha)
Tipo de item no Koha Livro
990 ## - Elementos KOHA
Koha item type Livro
Suppress in OPAC Escondido
994 ## - Estado da catalogação
Situação PARA CORRIGIR
Exemplares
Situação do levantamento Nº de registo manual Origin of item (home branch) (coded) Biblioteca de empréstimo Lending or holding organisation (holding branch) code Código de barras Cota Circulation type (not for loan) Tipo de documento Damaged status
  20863 Biblioteca Escolar da Coca Maravilhas Biblioteca Escolar da Coca Maravilhas Biblioteca Escolar da Coca Maravilhas BECM20863 8AM BLY   Livro